[Event "GER-chT Lands U20"]
[Site "Hannover"]
[Date "2023.10.03"]
[Round "4"]
[White "Mukazhanov, Mansur"]
[Black "Lu, Yunong Elias"]
[Result "1-0"]
[WhiteElo "1703"]
[BlackElo "1781"]
[PlyCount "119"]
[EventDate "2023.10.01"]
[EventType "team-swiss"]
[EventRounds "7"]
[EventCountry "GER"]
[SourceTitle "EXT 2024"]
[Source "ChessBase"]
[SourceDate "2023.10.10"]
[SourceVersion "1"]
[SourceVersionDate "2023.10.10"]
[SourceQuality "1"]

1. e4 c6 2. d4 d5 3. f3 g6 4. Nc3 Bg7 5. Be3 Qb6 6. Rb1 dxe4 7. fxe4 e5 8. Nf3 exd4 9. Nxd4 Qa5 10. Bc4 Nf6 11. 0-0 0-0 12. h3 Nbd7 13. Nf3 b5 14. b4 Qc7 15. Bb3 Nh5 16. Ne2 Ng3 17. Rf2 Nxe2+ 18. Qxe2 c5 19. bxc5 Nxc5 20. Bd5 Rb8 21. Rxb5 Ba6 22. Rxc5 Rb1+ 23. Ne1 Bxe2 24. Rxc7 Rxe1+ 25. Kh2 Bc4 26. Bf4 Bxd5 27. exd5 Rd8 28. c4 Re4 29. Bg3 f5 30. d6 h5 31. h4 g5 32. Rxf5 gxh4 33. Bf4 Rxf4 34. Rxg7+ Kxg7 35. Rxf4 Rxd6 36. c5 Ra6 37. Rc4 Rc6 38. Kh3 Kg6 39. Kxh4 a5 40. a4 Kh6 41. Kg3 Kg5 42. Kf3 Kf5 43. Ke3 Ke5 44. Rh4 Kd5 45. Rxh5+ Kc4 46. g4 Kb4 47. Kd4 Kxa4 48. Kd5 Kb5 49. Kd4 a4 50. Rh8 Rg6 51. Rb8+ Ka5 52. Kd5 Rxg4 53. c6 Rg7 54. Rb7 Rg8 55. c7 Rc8 56. Kc5 Ka6 57. Kc6 Ka5 58. Rb5+ Ka6 59. Rb8 Rxc7+ 60. Kxc7 1-0

[Event "Krefeld op"]
[Site "Krefeld"]
[Date "2023.08.03"]
[Round "2"]
[White "Lu, Yunong Elias"]
[Black "Junge, Julia Marie"]
[Result "1-0"]
[WhiteElo "1781"]
[BlackElo "1372"]
[PlyCount "45"]
[EventDate "2023.08.02"]
[EventType "swiss"]
[EventRounds "9"]
[EventCountry "GER"]
[SourceTitle "CBM 215 Extra"]
[Source "ChessBase"]
[SourceDate "2023.09.30"]
[SourceVersion "1"]
[SourceVersionDate "2023.09.30"]
[SourceQuality "1"]

1. e4 e5 2. Nf3 Nc6 3. Bb5 Nge7 4. 0-0 g6 5. c3 Bg7 6. d4 exd4 7. cxd4 a6 8. Ba4 0-0 9. d5 Ne5 10. Nxe5 Bxe5 11. Nc3 c6 12. d6 Bxc3 13. bxc3 b5 14. Bb3 c5 15. Bg5 Qa5 16. dxe7 Re8 17. Bxf7+ Kxf7 18. Qd5+ Kg7 19. Qe5+ Kf7 20. Qf6+ Kg8 21. Bh6 Qxc3 22. Qf8+ Rxf8 23. exf8Q# 1-0

[Event "GER-ch U14"]
[Site "Willingen"]
[Date "2023.06.03"]
[Round "9"]
[White "Lu, Yunong Elias"]
[Black "Ahryzkov, Ivan"]
[Result "1-0"]
[WhiteElo "1823"]
[BlackElo "1494"]
[PlyCount "68"]
[EventDate "2023.05.27"]
[EventType "swiss"]
[EventRounds "9"]
[EventCountry "GER"]
[SourceTitle "CBM 214 Extra"]
[Source "ChessBase"]
[SourceDate "2023.07.31"]
[SourceVersion "1"]
[SourceVersionDate "2023.07.31"]
[SourceQuality "1"]

1. e4 c5 2. Nf3 d6 3. Bb5+ Bd7 4. c4 Nc6 5. d4 cxd4 6. Nxd4 Nf6 7. Nc3 g6 8. 0-0 Bg7 9. Bxc6 bxc6 10. b3 0-0 11. f3 Qc7 12. Be3 Rfd8 13. Rc1 Bc8 14. Qd2 Bb7 15. Rfd1 e5 16. Nde2 Qe7 17. Bg5 Qe6 18. c5 d5 19. exd5 cxd5 20. Nb5 Rd7 21. Nd6 Bc6 22. Re1 Re7 23. Nf4 Qd7 24. Bxf6 Bxf6 25. Nxd5 Bxd5 26. Qxd5 Rd8 27. Red1 Re6 28. Qd2 Be7 29. Ne4 Qc6 30. Qb4 Rxd1+ 31. Rxd1 f5 32. Nd6 e4 33. fxe4 fxe4 34. Qc4 Qd7 1-0

[Event "GER-ch U14"]
[Site "Willingen"]
[Date "2023.05.30"]
[Round "4"]
[White "Tuerel, Tugrul"]
[Black "Lu, Yunong Elias"]
[Result "1-0"]
[WhiteElo "1855"]
[BlackElo "1823"]
[PlyCount "65"]
[EventDate "2023.05.27"]
[EventType "swiss"]
[EventRounds "9"]
[EventCountry "GER"]
[SourceTitle "CBM 214 Extra"]
[Source "ChessBase"]
[SourceDate "2023.07.31"]
[SourceVersion "1"]
[SourceVersionDate "2023.07.31"]
[SourceQuality "1"]

1. e4 c6 2. d4 d5 3. Nc3 dxe4 4. Nxe4 Nf6 5. Nxf6+ exf6 6. c3 Bd6 7. Bd3 0-0 8. Qc2 Re8+ 9. Ne2 h5 10. 0-0 h4 11. h3 Nd7 12. Bd2 Nf8 13. Rae1 Be6 14. f4 b5 15. f5 Bd7 16. Bf4 Bxf4 17. Rxf4 Qc7 18. Rxh4 c5 19. d5 c4 20. Be4 Re5 21. Nd4 Rae8 22. Rf1 Qb6 23. Kh1 b4 24. Qe2 g6 25. Qf3 bxc3 26. bxc3 Kg7 27. fxg6 fxg6 28. Nc6 Bf5 29. Nxe5 Rxe5 30. Bxf5 Rxf5 31. Rf4 Rxf4 32. Qxf4 Nd7 33. Qxc4 1-0

[Event "GER-chT U12"]
[Site "Muenchen"]
[Date "2022.12.30"]
[Round "7"]
[White "Tuerel, Tugrul"]
[Black "Lu, Yunong Elias"]
[Result "0-1"]
[WhiteElo "1605"]
[BlackElo "1678"]
[PlyCount "140"]
[EventDate "2022.12.26"]
[EventType "team-swiss"]
[EventRounds "7"]
[EventCountry "GER"]
[SourceTitle "CBM 212 Extra"]
[Source "ChessBase"]
[SourceDate "2023.03.31"]
[SourceVersion "1"]
[SourceVersionDate "2023.03.31"]
[SourceQuality "1"]
[WhiteTeam "Muenchen SF"]
[BlackTeam "Hamburger SK"]
[WhiteTeamCountry "GER"]
[BlackTeamCountry "GER"]

1. e4 c6 2. Nc3 d5 3. Nf3 dxe4 4. Nxe4 Nf6 5. Qe2 Nxe4 6. Qxe4 Nd7 7. Bc4 Nf6 8. Ne5 e6 9. Qe2 b5 10. Bb3 Qc7 11. d4 h6 12. Bf4 Bd6 13. 0-0 0-0 14. c3 Rd8 15. Bg3 a6 16. Rad1 Bd7 17. Kh1 Be8 18. Bc2 c5 19. dxc5 Qxc5 20. f4 Bxe5 21. fxe5 Nd5 22. Bh4 Rd7 23. Qe4 g6 24. Rf3 Rc8 25. Bf2 Qc4 26. Qxc4 bxc4 27. Bd4 Rb7 28. b3 Bc6 29. Rf2 Bb5 30. Be4 Rd7 31. Rc1 cxb3 32. Bxd5 Rxd5 33. Re1 Bc4 34. axb3 Bxb3 35. Rb2 Bc4 36. Ra1 a5 37. Kg1 Ra8 38. Kf2 Bd3 39. Ke3 Bc4 40. Ra4 Bb5 41. Ra3 a4 42. Rb4 Be8 43. Ke2 Kg7 44. g3 g5 45. Ke3 h5 46. h3 Kg6 47. Rb2 Ra6 48. c4 Rd8 49. c5 f5 50. exf6 e5 51. Bc3 Rxf6 52. Bxe5 Re6 53. Rb6 Bc6 54. Kf2 Rd2+ 55. Kf1 Kf5 56. g4+ hxg4 57. hxg4+ Kxg4 58. Rb4+ Kf5 59. Bg3 Rh6 60. Ke1 Rg2 61. Kd1 Rh3 62. Rb6 Bd5 63. Rd6 Rh1+ 64. Be1 Bb3+ 65. Rxb3 axb3 66. Rb6 Ra2 67. Rxb3 Ra1+ 68. Kd2 Rh2+ 69. Bf2 Ra2+ 70. Ke1 Rh1+ 0-1

[Event "Wch U12"]
[Site "Batumi"]
[Date "2022.09.25"]
[Round "9"]
[White "Ammous, Mahmoud"]
[Black "Lu, Yunong Elias"]
[Result "0-1"]
[WhiteElo "1522"]
[BlackElo "1836"]
[PlyCount "41"]
[EventDate "2022.09.16"]
[EventType "swiss"]
[EventRounds "11"]
[EventCountry "GEO"]
[SourceTitle "EXT 2023"]
[Source "ChessBase"]
[SourceDate "2022.10.05"]
[SourceVersion "1"]
[SourceVersionDate "2022.10.05"]
[SourceQuality "1"]

1. e4 c6 2. d4 d5 3. e5 Bf5 4. h4 h5 5. Bd3 Bxd3 6. Qxd3 Qa5+ 7. Bd2 Qa6 8. e6 Qxd3 9. exf7+ Kxf7 10. cxd3 Nd7 11. Nf3 Nh6 12. Nc3 e6 13. Bf4 Be7 14. 0-0-0 Nf5 15. Rde1 Bf6 16. Ne2 c5 17. Ne5+ Nxe5 18. dxe5 Bxh4 19. Ng3 Bxg3 20. Bxg3 Rag8 21. Rhf1 0-1

[Event "Wch U12"]
[Site "Batumi"]
[Date "2022.09.18"]
[Round "3"]
[White "Lu, Yunong Elias"]
[Black "Weerasekara, Dishal Nimsara"]
[Result "0-1"]
[WhiteElo "1836"]
[BlackElo "1599"]
[PlyCount "54"]
[EventDate "2022.09.16"]
[EventType "swiss"]
[EventRounds "11"]
[EventCountry "GEO"]
[SourceTitle "EXT 2023"]
[Source "ChessBase"]
[SourceDate "2022.10.05"]
[SourceVersion "1"]
[SourceVersionDate "2022.10.05"]
[SourceQuality "1"]

1. e4 c6 2. Nc3 d5 3. Nf3 Bg4 4. h3 Bh5 5. exd5 cxd5 6. g4 Bg6 7. Ne5 Nc6 8. d4 e6 9. h4 f6 10. Nxg6 hxg6 11. Be3 f5 12. h5 Nf6 13. Be2 Qb6 14. g5 Nxh5 15. Bxh5 Rxh5 16. Rxh5 gxh5 17. Qxh5+ Kd7 18. Qf7+ Be7 19. Qxg7 Qxd4 20. Qxd4 Nxd4 21. Kd1 Rh8 22. f4 Rh1+ 23. Kd2 Rh2+ 24. Kd1 Nxc2 25. Rb1 d4 26. Nb5 d3 27. a3 Bc5 0-1

[Event "GER-ch U12"]
[Site "Willingen"]
[Date "2021.08.26"]
[Round "6"]
[White "Braun, Julian1111"]
[Black "Lu, Yunong Elias"]
[Result "0-1"]
[WhiteElo "1436"]
[BlackElo "1557"]
[PlyCount "164"]
[EventDate "2021.08.22"]
[EventType "swiss"]
[EventRounds "9"]
[EventCountry "GER"]
[SourceTitle "EXT 2022"]
[Source "ChessBase"]
[SourceDate "2021.10.06"]
[SourceVersion "1"]
[SourceVersionDate "2021.10.06"]
[SourceQuality "1"]

1. e4 c6 2. Nc3 d5 3. Qf3 dxe4 4. Nxe4 Nf6 5. Bc4 Nbd7 6. Nxf6+ Nxf6 7. Ne2 Bg4 8. Qb3 e6 9. Qxb7 Rc8 10. Qxa7 Be7 11. 0-0 0-0 12. Qe3 Nd5 13. Bxd5 cxd5 14. c3 Bd6 15. d4 Qc7 16. h3 Bf5 17. Ng3 Bxg3 18. Qxg3 Qxg3 19. fxg3 Ra8 20. Bf4 Rfc8 21. Bd6 Rc6 22. Bb4 Be4 23. a4 f5 24. Ra3 Kf7 25. Rfa1 Ke8 26. a5 Rca6 27. Bc5 Kd7 28. Bb6 Kc6 29. Kf2 h6 30. h4 Rf8 31. Ke3 g5 32. hxg5 hxg5 33. Rh1 f4+ 34. gxf4 gxf4+ 35. Kf2 Rg8 36. Rh2 Rg6 37. Ra1 Ra8 38. Rg1 Rag8 39. Bc5 Kb5 40. Bb4 Ka6 41. Bd6 f3 42. g3 Kxa5 43. Rh7 R6g7 44. Rxg7 Rxg7 45. Rh1 Rb7 46. Bb4+ Ka4 47. Rh6 Kb3 48. Ba3 Kc2 49. Rxe6 Rh7 50. Rf6 Rh2+ 51. Ke3 Re2+ 52. Kf4 f2 53. Kg5 Bg2 54. b4 f1Q 55. Rxf1 Bxf1 56. b5 Rg2 57. b6 Rxg3+ 58. Kf6 Ba6 59. Ke5 Rxc3 60. Bc5 Bb7 61. Kd6 Kd3 62. Kc7 Ba6 63. Kc6 Kc4 64. Be7 Rd3 65. Kc7 Rxd4 66. Kb8 Re4 67. Bf6 d4 68. Bxd4 Rxd4 69. Ka7 Kc5 70. Kxa6 Rd6 71. Kb7 Rxb6+ 72. Kc7 Rc6+ 73. Kd7 Kd5 74. Ke7 Rd6 75. Kf7 Re6 76. Kg7 Ke5 77. Kf7 Kf5 78. Kg7 Rf6 79. Kh7 Rg6 80. Kh8 Kf6 81. Kh7 Kf7 82. Kh8 Rh6# 0-1

[Event "GER-ch U12"]
[Site "Willingen"]
[Date "2021.08.24"]
[Round "3"]
[White "Lu, Yunong Elias"]
[Black "Birkenheier, Nicolas"]
[Result "0-1"]
[WhiteElo "1557"]
[BlackElo "1293"]
[PlyCount "51"]
[EventDate "2021.08.22"]
[EventType "swiss"]
[EventRounds "9"]
[EventCountry "GER"]
[SourceTitle "EXT 2022"]
[Source "ChessBase"]
[SourceDate "2021.10.06"]
[SourceVersion "1"]
[SourceVersionDate "2021.10.06"]
[SourceQuality "1"]

1. e4 e5 2. Nf3 Nc6 3. Bb5 a6 4. Ba4 Nf6 5. d3 b5 6. Bb3 Bc5 7. 0-0 d6 8. c3 Bg4 9. Nbd2 0-0 10. Re1 Re8 11. Nf1 d5 12. exd5 Nxd5 13. h3 Bh5 14. d4 Ba7 15. dxe5 Nb6 16. Qxd8 Raxd8 17. Bg5 Rc8 18. e6 f6 19. Be3 Bxf3 20. Bxb6 Bxb6 21. gxf3 Ne5 22. Kg2 Kh8 23. Rad1 c5 24. Rd6 Rb8 25. Bc2 Nc4 26. b3 0-1

[Event "GER-ch Net blitz qual4"]
[Site "Playchess.com INT"]
[Date "2021.05.10"]
[Round "6"]
[White "Grund, Erwin1111"]
[Black "Lu, Yunong Elias"]
[Result "1-0"]
[WhiteElo "1675"]
[BlackElo "1851"]
[PlyCount "77"]
[EventDate "2021.05.10"]
[EventType "swiss (blitz)"]
[EventRounds "11"]
[EventCountry "GER"]
[SourceTitle "CBM 202 Extra"]
[Source "ChessBase"]
[SourceDate "2021.07.31"]
[SourceVersion "1"]
[SourceVersionDate "2021.07.31"]
[SourceQuality "1"]

1. e4 c6 2. d4 d5 3. e5 Bf5 4. h4 h6 5. g4 Be4 6. f3 Bh7 7. Bd3 Bxd3 8. Qxd3 e6 9. Be3 Qb6 10. Qb3 Nd7 11. Nd2 Ne7 12. Ne2 Rc8 13. Qxb6 Nxb6 14. c3 Rc7 15. 0-0-0 Nec8 16. Kb1 Nd7 17. f4 c5 18. f5 cxd4 19. Bxd4 Bc5 20. fxe6 fxe6 21. Nf4 Bxd4 22. cxd4 Nf8 23. Rc1 Kd7 24. Rxc7+ Kxc7 25. Rc1+ Kd7 26. Nb3 b6 27. h5 Rg8 28. Rf1 g5 29. hxg6 Nxg6 30. Nh5 Ke7 31. Nf6 Rg7 32. Rh1 Nf8 33. Nd2 Nd7 34. Rxh6 Rf7 35. g5 Nxf6 36. exf6+ Kf8 37. Nf3 Nd6 38. Ne5 Rc7 39. Rh8# 1-0